<?xml version="1.0" encoding="UTF-8"?>
<record
    xmlns:xsi="http://www.w3.org/2001/XMLSchema-instance"
    xsi:schemaLocation="http://www.loc.gov/MARC21/slim http://www.loc.gov/standards/marcxml/schema/MARC21slim.xsd"
    xmlns="http://www.loc.gov/MARC21/slim">

  <leader>00725nam a2200193Ia 4500</leader>
  <controlfield tag="008">230520s9999    xx            000 0 und d</controlfield>
  <datafield tag="020" ind1=" " ind2=" ">
    <subfield code="a">97875004241857500424183</subfield>
  </datafield>
  <datafield tag="041" ind1=" " ind2=" ">
    <subfield code="a">chi</subfield>
    <subfield code="h">eng</subfield>
  </datafield>
  <datafield tag="050" ind1=" " ind2=" ">
    <subfield code="a">D16.8 </subfield>
    <subfield code="b">.P57127 1998</subfield>
  </datafield>
  <datafield tag="100" ind1=" " ind2=" ">
    <subfield code="a">Popper, Karl R. </subfield>
  </datafield>
  <datafield tag="245" ind1=" " ind2="0">
    <subfield code="a">&#x5386;&#x53F2;&#x4E3B;&#x4E49;&#x8D2B;&#x56F0;&#x8BBA;</subfield>
    <subfield code="b">/</subfield>
    <subfield code="c">(&#x82F1;) &#x5361;&#x5C14;&#x30FB;&#x6CE2;&#x666E;&#x5C14; (Karl R. Popper) &#x8457;; &#x4F55;&#x6797;, &#x8D75;&#x5E73;&#x8BD1;</subfield>
  </datafield>
  <datafield tag="246" ind1=" " ind2=" ">
    <subfield code="a">&#x6B77;&#x53F2;&#x4E3B;&#x7FA9;&#x8CA7;&#x56F0;&#x8AD6;</subfield>
  </datafield>
  <datafield tag="260" ind1=" " ind2=" ">
    <subfield code="a">&#x5317;&#x4EAC; : </subfield>
    <subfield code="b">&#x4E2D;&#x56FD;&#x793E;&#x4F1A;&#x79D1;&#x5B66;&#x51FA;&#x7248;&#x793E;,</subfield>
    <subfield code="c">2014, c 1998</subfield>
  </datafield>
  <datafield tag="300" ind1=" " ind2=" ">
    <subfield code="a">183 p. </subfield>
    <subfield code="b">; </subfield>
    <subfield code="c">20 cm.</subfield>
  </datafield>
  <datafield tag="500" ind1=" " ind2=" ">
    <subfield code="a">Translation of: The Poverty of historicism / Karl R. Popper. Routledge &amp; K. Paul, 1960.</subfield>
  </datafield>
  <datafield tag="650" ind1=" " ind2=" ">
    <subfield code="a">Historicism.Historicisme.History Philosophy.</subfield>
  </datafield>
  <datafield tag="700" ind1=" " ind2=" ">
    <subfield code="a">&#x5361;&#x5C14;&#x30FB;&#x6CE2;&#x666E;&#x5C14; &#x4F55;&#x6797;&#x8D75;&#x5E73;</subfield>
  </datafield>
  <datafield tag="952" ind1=" " ind2=" ">
    <subfield code="0">0</subfield>
    <subfield code="1">0</subfield>
    <subfield code="4">0</subfield>
    <subfield code="7">0</subfield>
    <subfield code="a">GETS</subfield>
    <subfield code="b">GETS</subfield>
    <subfield code="c"> GEN</subfield>
    <subfield code="d">2023-05-20</subfield>
    <subfield code="l">0</subfield>
    <subfield code="o">D16.8 .P57127 1998</subfield>
    <subfield code="p">00030812</subfield>
    <subfield code="r">2023-05-20 00:00:00</subfield>
    <subfield code="w">2023-05-20</subfield>
    <subfield code="y">CB</subfield>
  </datafield>
  <datafield tag="999" ind1=" " ind2=" ">
    <subfield code="c">43869</subfield>
    <subfield code="d">43869</subfield>
  </datafield>
</record>
